000
00335nam a2200145Ia 4500
008
150201s2008 xx 000 0 und d
082
_a
617.732
_b
H08M
100
_a
MAKHIJA, NEELAM
245
2
_a
A HB OF FIRST- AID
250
_a
1ST
260
_b
A.P. JAIN
_a
DELHI
_c
2008
300
_a
305
650
_a
FIRST AID
942
_2
ddc
_c
BK
_0
6
999
_c
2458
_d
2458